[Event "Hoogeveen Open"]
[Site "Hoogeveen, Netherlands"]
[Date "2018.10.20"]
[Round "1.22"]
[White "Bertholee, Rob"]
[Black "Van De Pavoordt, Max"]
[Result "1/2-1/2"]
[WhiteElo "2334"]
[BlackElo "2034"]

1. e4 {[%clk 01:30:56]} {[%emt 00:00:03]} e6 {[%clk 01:30:52]} {[%emt
00:00:08]} 2. d4 {[%clk 01:31:20]} {[%emt 00:00:07]} d5 {[%clk 01:31:16]}
{[%emt 00:00:05]} 3. Bd3 {[%clk 01:31:14]} {[%emt 00:00:36]} c5 {[%clk
01:28:14]} {[%emt 00:03:31]} 4. exd5 {[%clk 01:31:15]} {[%emt 00:00:29]} Qxd5
{[%clk 01:27:11]} {[%emt 00:01:33]} 5. Bb5+ {[%clk 01:24:44]} {[%emt 00:07:02]}
Bd7 {[%clk 01:26:56]} {[%emt 00:00:45]} 6. Bxd7+ {[%clk 01:25:10]} {[%emt
00:00:05]} Nxd7 {[%clk 01:25:39]} {[%emt 00:01:45]} 7. Nf3 {[%clk 01:25:26]}
{[%emt 00:00:14]} cxd4 {[%clk 01:23:50]} {[%emt 00:02:19]} 8. Qxd4 {[%clk
01:24:33]} {[%emt 00:01:24]} Qxd4 {[%clk 01:19:48]} {[%emt 00:04:32]} 9. Nxd4
{[%clk 01:25:01]} {[%emt 00:00:01]} a6 {[%clk 01:20:03]} {[%emt 00:00:15]} 10.
Ke2 {[%clk 01:17:07]} {[%emt 00:08:24]} Ngf6 {[%clk 01:18:56]} {[%emt
00:01:37]} 11. Rd1 {[%clk 01:17:22]} {[%emt 00:00:15]} Rc8 {[%clk 01:16:31]}
{[%emt 00:02:55]} 12. c3 {[%clk 01:14:27]} {[%emt 00:03:25]} Nd5 {[%clk
01:13:28]} {[%emt 00:03:33]} 13. Nd2 {[%clk 01:11:01]} {[%emt 00:03:56]} N7f6
{[%clk 01:06:06]} {[%emt 00:07:52]} 14. N2b3 {[%clk 01:00:30]} {[%emt
00:11:02]} Ne4 {[%clk 01:02:55]} {[%emt 00:03:41]} 15. Kf3 {[%clk 00:57:40]}
{[%emt 00:03:19]} Nd6 {[%clk 00:59:27]} {[%emt 00:03:58]} 16. a4 {[%clk
00:48:32]} {[%emt 00:09:39]} Be7 {[%clk 00:57:56]} {[%emt 00:02:00]} 17. Nd2
{[%clk 00:31:27]} {[%emt 00:17:36]} Bf6 {[%clk 00:55:55]} {[%emt 00:02:30]} 18.
Ne4 {[%clk 00:30:54]} {[%emt 00:01:02]} Nxe4 {[%clk 00:52:54]} {[%emt
00:03:32]} 19. Kxe4 {[%clk 00:31:23]} {[%emt 00:00:02]} Rxc3 {[%clk 00:50:25]}
{[%emt 00:02:58]} 20. Be3 {[%clk 00:28:36]} {[%emt 00:03:17]} Rc8 {[%clk
00:48:24]} {[%emt 00:02:31]} 21. Ra3 {[%clk 00:24:59]} {[%emt 00:04:06]} O-O
{[%clk 00:46:14]} {[%emt 00:02:41]} 22. Rb3 {[%clk 00:25:25]} {[%emt 00:00:05]}
Rc7 {[%clk 00:45:07]} {[%emt 00:01:35]} 23. Rc1 {[%clk 00:15:42]} {[%emt
00:10:14]} Rxc1 {[%clk 00:40:48]} {[%emt 00:04:50]} 24. Bxc1 {[%clk 00:16:10]}
{[%emt 00:00:01]} b6 {[%clk 00:39:57]} {[%emt 00:01:21]} 25. a5 {[%clk
00:09:21]} {[%emt 00:07:19]} b5 {[%clk 00:38:18]} {[%emt 00:02:09]} 26. Nxb5
{[%clk 00:06:35]} {[%emt 00:03:17]} axb5 {[%clk 00:37:39]} {[%emt 00:01:08]} 27.
Rxb5 {[%clk 00:07:04]} {[%emt 00:00:01]} Ra8 {[%clk 00:36:15]} {[%emt
00:01:54]} 28. Bd2 {[%clk 00:07:02]} {[%emt 00:00:32]} Kf8 {[%clk 00:34:45]}
{[%emt 00:02:00]} 29. Rb7 {[%clk 00:07:04]} {[%emt 00:00:28]} Be7 {[%clk
00:31:17]} {[%emt 00:03:57]} 30. b4 {[%clk 00:06:33]} {[%emt 00:01:00]} Bxb4
{[%clk 00:24:56]} {[%emt 00:06:52]} 31. Bxb4+ {[%clk 00:06:54]} {[%emt
00:00:09]} Nxb4 {[%clk 00:25:21]} {[%emt 00:00:05]} 32. Rxb4 {[%clk 00:07:19]}
{[%emt 00:00:06]} Rxa5 {[%clk 00:25:44]} {[%emt 00:00:06]} 33. h4 {[%clk
00:06:55]} {[%emt 00:00:54]} Ke7 {[%clk 00:24:58]} {[%emt 00:01:16]} 34. g3
{[%clk 00:05:43]} {[%emt 00:01:42]} Kf6 {[%clk 00:22:13]} {[%emt 00:03:15]} 35.
Kf3 {[%clk 00:04:59]} {[%emt 00:01:15]} h6 {[%clk 00:22:03]} {[%emt 00:00:40]}
36. Rb7 {[%clk 00:04:38]} {[%emt 00:00:51]} Kg6 {[%clk 00:20:05]} {[%emt
00:02:28]} 37. Re7 {[%clk 00:04:36]} {[%emt 00:00:31]} e5 {[%clk 00:18:49]}
{[%emt 00:01:46]} 38. Kg2 {[%clk 00:04:12]} {[%emt 00:00:54]} f5 {[%clk
00:18:04]} {[%emt 00:01:16]} 39. Kg1 {[%clk 00:02:35]} {[%emt 00:02:07]} e4
{[%clk 00:16:49]} {[%emt 00:01:45]} 40. Kf1 {[%clk 00:02:43]} {[%emt 00:00:22]}
Kf6 {[%clk 00:16:30]} {[%emt 00:00:49]} 41. Rb7 {[%clk 00:02:55]} {[%emt
00:00:18]} Re5 {[%clk 00:16:14]} {[%emt 00:00:46]} 42. Kg2 {[%clk 00:03:02]}
{[%emt 00:00:23]} Re6 {[%clk 00:14:37]} {[%emt 00:02:06]} 43. Ra7 {[%clk
00:02:57]} {[%emt 00:00:36]} g5 {[%clk 00:14:21]} {[%emt 00:00:45]} 44. hxg5+
{[%clk 00:03:22]} {[%emt 00:00:05]} hxg5 {[%clk 00:14:36]} {[%emt 00:00:16]} 45.
Ra5 {[%clk 00:02:41]} {[%emt 00:01:12]} Rd6 {[%clk 00:14:07]} {[%emt 00:00:59]}
46. Rb5 {[%clk 00:01:34]} {[%emt 00:01:37]} Rd2 {[%clk 00:13:33]} {[%emt
00:01:03]} 47. Rb6+ {[%clk 00:29:45]} {[%emt 00:02:19]} Ke5 {[%clk 00:43:39]}
{[%emt 00:00:24]} 48. Rb5+ {[%clk 00:28:30]} {[%emt 00:01:46]} Rd5 {[%clk
00:44:03]} {[%emt 00:00:05]} 49. Rb8 {[%clk 00:27:12]} {[%emt 00:01:49]} Kd4
{[%clk 00:42:16]} {[%emt 00:02:16]} 50. Ra8 {[%clk 00:24:51]} {[%emt 00:02:51]}
Kc3 {[%clk 00:40:58]} {[%emt 00:01:48]} 51. Kf1 {[%clk 00:24:04]} {[%emt
00:01:17]} f4 {[%clk 00:39:46]} {[%emt 00:01:42]} 52. gxf4 {[%clk 00:24:27]}
{[%emt 00:00:07]} gxf4 {[%clk 00:40:08]} {[%emt 00:00:07]} 53. Ke2 {[%clk
00:17:47]} {[%emt 00:07:10]} Rd2+ {[%clk 00:39:15]} {[%emt 00:01:24]} 54. Ke1
{[%clk 00:18:08]} {[%emt 00:00:09]} Rb2 {[%clk 00:38:59]} {[%emt 00:00:46]} 55.
Rc8+ {[%clk 00:16:33]} {[%emt 00:02:05]} Kd4 {[%clk 00:38:54]} {[%emt
00:00:35]} 56. Kf1 {[%clk 00:12:31]} {[%emt 00:04:32]} f3 {[%clk 00:37:52]}
{[%emt 00:01:31]} 57. Rd8+ {[%clk 00:11:57]} {[%emt 00:01:05]} Kc3 {[%clk
00:37:44]} {[%emt 00:00:38]} 58. Rc8+ {[%clk 00:11:53]} {[%emt 00:00:34]} Kd2
{[%clk 00:36:08]} {[%emt 00:02:05]} 59. Rd8+ {[%clk 00:12:20]} {[%emt
00:00:04]} Kc2 {[%clk 00:35:52]} {[%emt 00:00:46]} 60. Rc8+ {[%clk 00:12:32]}
{[%emt 00:00:18]} Kd1 {[%clk 00:35:39]} {[%emt 00:00:43]} 61. Rd8+ {[%clk
00:12:57]} {[%emt 00:00:06]} Rd2 {[%clk 00:35:33]} {[%emt 00:00:35]} 62. Re8
{[%clk 00:11:59]} {[%emt 00:01:28]} Rd4 {[%clk 00:35:13]} {[%emt 00:00:50]} 63.
Re7 {[%clk 00:11:42]} {[%emt 00:00:47]} Kd2 {[%clk 00:35:14]} {[%emt 00:00:28]}
64. Re8 {[%clk 00:11:27]} {[%emt 00:00:46]} Kd3 {[%clk 00:32:30]} {[%emt
00:03:15]} 65. Ke1 {[%clk 00:11:19]} {[%emt 00:00:37]} Rd7 {[%clk 00:32:19]}
{[%emt 00:00:40]} 66. Ra8 {[%clk 00:10:25]} {[%emt 00:01:26]} Rb7 {[%clk
00:30:54]} {[%emt 00:01:55]} 67. Rd8+ {[%clk 00:10:36]} {[%emt 00:00:19]} Kc2
{[%clk 00:30:57]} {[%emt 00:00:27]} 68. Rc8+ {[%clk 00:11:04]} {[%emt
00:00:03]} Kd3 {[%emt 00:00:38]} 1/2-1/2

[Event "Hoogeveen Open"]
[Site "Hoogeveen, Netherlands"]
[Date "2018.10.20"]
[Round "1.24"]
[White "Van Randtwijk, Mick"]
[Black "Van Kooten, Luuk"]
[Result "0-1"]
[WhiteElo "1979"]
[BlackElo "2320"]

1. e4 {[%clk 01:30:57]} {[%emt 00:00:02]} g6 {[%clk 01:30:44]} {[%emt
00:00:16]} 2. d4 {[%clk 01:31:15]} {[%emt 00:00:13]} Bg7 {[%clk 01:30:59]}
{[%emt 00:00:14]} 3. Nc3 {[%clk 01:31:29]} {[%emt 00:00:16]} d6 {[%clk
01:30:52]} {[%emt 00:00:38]} 4. Be3 {[%clk 01:31:31]} {[%emt 00:00:28]} a6
{[%clk 01:30:35]} {[%emt 00:00:46]} 5. Qd2 {[%clk 01:31:09]} {[%emt 00:00:53]}
b5 {[%clk 01:29:50]} {[%emt 00:01:15]} 6. O-O-O {[%clk 01:30:22]} {[%emt
00:01:17]} Bb7 {[%clk 01:28:59]} {[%emt 00:01:20]} 7. f3 {[%clk 01:30:42]}
{[%emt 00:00:11]} Nd7 {[%clk 01:27:17]} {[%emt 00:02:11]} 8. h4 {[%clk
01:30:38]} {[%emt 00:00:35]} h5 {[%clk 01:18:13]} {[%emt 00:09:34]} 9. Nh3
{[%clk 01:29:53]} {[%emt 00:01:15]} Rc8 {[%clk 01:12:44]} {[%emt 00:05:59]} 10.
Ng5 {[%clk 01:27:32]} {[%emt 00:02:51]} e6 {[%clk 01:03:45]} {[%emt 00:09:28]}
11. Kb1 {[%clk 01:22:29]} {[%emt 00:05:34]} Ne7 {[%clk 01:01:09]} {[%emt
00:03:05]} 12. Ne2 {[%clk 01:21:38]} {[%emt 00:01:22]} Nb6 {[%clk 00:53:12]}
{[%emt 00:08:26]} 13. Nf4 {[%clk 01:18:00]} {[%emt 00:04:08]} Qd7 {[%clk
00:51:07]} {[%emt 00:02:35]} 14. Qf2 {[%clk 01:08:18]} {[%emt 00:10:12]} Nc4
{[%clk 00:47:54]} {[%emt 00:03:43]} 15. Bxc4 {[%clk 01:00:54]} {[%emt
00:07:54]} bxc4 {[%clk 00:48:17]} {[%emt 00:00:07]} 16. g4 {[%clk 01:01:19]}
{[%emt 00:00:05]} Qb5 {[%clk 00:45:07]} {[%emt 00:03:39]} 17. gxh5 {[%clk
00:56:36]} {[%emt 00:05:14]} gxh5 {[%clk 00:44:47]} {[%emt 00:00:49]} 18. Rhg1
{[%clk 00:53:39]} {[%emt 00:03:27]} Bf6 {[%clk 00:42:26]} {[%emt 00:02:51]} 19.
Qf1 {[%clk 00:51:48]} {[%emt 00:02:21]} c5 {[%clk 00:36:19]} {[%emt 00:06:38]}
20. Nxf7 {[%clk 00:40:50]} {[%emt 00:11:28]} Kxf7 {[%clk 00:34:59]} {[%emt
00:01:50]} 21. Qh3 {[%clk 00:41:13]} {[%emt 00:00:06]} Nf5 {[%clk 00:29:21]}
{[%emt 00:06:09]} 22. exf5 {[%clk 00:40:29]} {[%emt 00:01:14]} cxd4 {[%clk
00:29:46]} {[%emt 00:00:05]} 23. fxe6+ {[%clk 00:38:33]} {[%emt 00:02:56]} Ke8
{[%clk 00:29:50]} {[%emt 00:00:56]} 24. Bxd4 {[%clk 00:38:08]} {[%emt
00:00:55]} c3 {[%clk 00:27:38]} {[%emt 00:02:42]} 25. b3 {[%clk 00:37:31]}
{[%emt 00:01:07]} Bxd4 {[%clk 00:27:07]} {[%emt 00:01:00]} 26. Rxd4 {[%clk
00:37:48]} {[%emt 00:00:13]} Qc5 {[%clk 00:27:32]} {[%emt 00:00:06]} 27. Rgd1
{[%clk 00:36:11]} {[%emt 00:02:07]} Rg8 {[%clk 00:25:36]} {[%emt 00:02:25]} 28.
e7 {[%clk 00:33:52]} {[%emt 00:02:49]} Qxd4 {[%clk 00:25:13]} {[%emt 00:00:53]}
29. Rxd4 {[%clk 00:32:12]} {[%emt 00:02:10]} Rg1+ {[%clk 00:25:03]} {[%emt
00:00:07]} 0-1

[Event "Hoogeveen Open"]
[Site "Hoogeveen, Netherlands"]
[Date "2018.10.20"]
[Round "1.26"]
[White "Winkels, Marcel"]
[Black "Den Hartog, Marijn"]
[Result "1-0"]
[WhiteElo "1935"]
[BlackElo "2296"]

1. e4 {[%clk 01:30:56]} {[%emt 00:00:03]} e5 {[%clk 01:30:56]} {[%emt
00:00:05]} 2. Nf3 {[%clk 01:31:15]} {[%emt 00:00:11]} d6 {[%clk 01:31:24]}
{[%emt 00:00:03]} 3. d4 {[%clk 01:31:27]} {[%emt 00:00:17]} exd4 {[%clk
01:31:50]} {[%emt 00:00:04]} 4. Nxd4 {[%clk 01:31:48]} {[%emt 00:00:09]} Nf6
{[%clk 01:32:18]} {[%emt 00:00:03]} 5. Nc3 {[%clk 01:31:56]} {[%emt 00:00:22]}
Be7 {[%clk 01:32:45]} {[%emt 00:00:03]} 6. g3 {[%clk 01:31:40]} {[%emt
00:00:45]} O-O {[%clk 01:31:45]} {[%emt 00:01:30]} 7. Bg2 {[%clk 01:32:02]}
{[%emt 00:00:08]} Re8 {[%clk 01:28:12]} {[%emt 00:04:03]} 8. O-O {[%clk
01:32:13]} {[%emt 00:00:19]} Bf8 {[%clk 01:28:39]} {[%emt 00:00:03]} 9. h3
{[%clk 01:31:50]} {[%emt 00:00:53]} c5 {[%clk 01:27:16]} {[%emt 00:01:53]} 10.
Nde2 {[%clk 01:31:17]} {[%emt 00:01:03]} Nc6 {[%clk 01:26:38]} {[%emt
00:01:08]} 11. g4 {[%clk 01:25:04]} {[%emt 00:06:43]} h5 {[%clk 00:59:10]}
{[%emt 00:27:58]} 12. g5 {[%clk 01:22:28]} {[%emt 00:03:06]} Nh7 {[%clk
00:59:37]} {[%emt 00:00:04]} 13. f4 {[%clk 01:21:16]} {[%emt 00:01:41]} f5
{[%clk 00:51:01]} {[%emt 00:09:06]} 14. exf5 {[%clk 01:19:40]} {[%emt
00:02:07]} Bxf5 {[%clk 00:51:21]} {[%emt 00:00:10]} 15. Ng3 {[%clk 01:19:17]}
{[%emt 00:00:52]} Qd7 {[%clk 00:47:43]} {[%emt 00:04:08]} 16. Nxf5 {[%clk
01:16:55]} {[%emt 00:02:52]} Qxf5 {[%clk 00:48:10]} {[%emt 00:00:02]} 17. Qxh5
{[%clk 01:10:18]} {[%emt 00:07:07]} Nb4 {[%clk 00:43:39]} {[%emt 00:05:02]} 18.
a3 {[%clk 01:07:44]} {[%emt 00:03:05]} g6 {[%clk 00:41:42]} {[%emt 00:02:27]}
19. Qd1 {[%clk 01:02:42]} {[%emt 00:05:31]} Nxc2 {[%clk 00:41:35]} {[%emt
00:00:37]} 20. Qd5+ {[%clk 01:01:35]} {[%emt 00:01:37]} Qxd5 {[%clk 00:41:18]}
{[%emt 00:00:47]} 21. Bxd5+ {[%clk 01:01:45]} {[%emt 00:00:19]} Kh8 {[%clk
00:41:40]} {[%emt 00:00:09]} 22. Rb1 {[%clk 01:00:31]} {[%emt 00:01:44]} Bg7
{[%clk 00:34:13]} {[%emt 00:07:57]} 23. Bf7 {[%clk 00:56:27]} {[%emt 00:04:34]}
Re7 {[%clk 00:33:53]} {[%emt 00:00:50]} 24. Bxg6 {[%clk 00:56:32]} {[%emt
00:00:25]} Nxa3 {[%clk 00:34:15]} {[%emt 00:00:08]} 25. Nd5 {[%clk 00:52:27]}
{[%emt 00:04:35]} Bd4+ {[%clk 00:27:33]} {[%emt 00:07:12]} 26. Kh1 {[%clk
00:49:34]} {[%emt 00:03:22]} Rg7 {[%clk 00:27:59]} {[%emt 00:00:05]} 27. Bxh7
{[%clk 00:48:31]} {[%emt 00:01:34]} Nxb1 {[%clk 00:28:24]} {[%emt 00:00:04]} 28.
Bxb1 {[%clk 00:48:47]} {[%emt 00:00:14]} Re8 {[%clk 00:25:40]} {[%emt
00:03:14]} 29. Bd3 {[%clk 00:46:22]} {[%emt 00:02:55]} b5 {[%clk 00:21:34]}
{[%emt 00:04:36]} 30. b3 {[%clk 00:40:44]} {[%emt 00:06:08]} Rb7 {[%clk
00:11:57]} {[%emt 00:10:07]} 31. Bd2 {[%clk 00:39:04]} {[%emt 00:02:10]} Rc8
{[%clk 00:11:18]} {[%emt 00:01:09]} 32. Ne3 {[%clk 00:33:27]} {[%emt 00:06:07]}
a5 {[%clk 00:06:27]} {[%emt 00:05:21]} 33. Nf5 {[%clk 00:33:27]} {[%emt
00:00:30]} Rh7 {[%clk 00:04:28]} {[%emt 00:02:30]} 34. Kg2 {[%clk 00:32:58]}
{[%emt 00:00:59]} c4 {[%clk 00:03:18]} {[%emt 00:01:40]} 35. bxc4 {[%clk
00:29:50]} {[%emt 00:03:37]} bxc4 {[%clk 00:03:44]} {[%emt 00:00:04]} 36. Be4
{[%clk 00:28:48]} {[%emt 00:01:32]} Bb2 {[%clk 00:01:01]} {[%emt 00:03:14]} 37.
Nxd6 {[%clk 00:24:55]} {[%emt 00:04:22]} Rd8 {[%clk 00:01:22]} {[%emt
00:00:09]} 38. Nxc4 {[%clk 00:24:52]} {[%emt 00:00:33]} Re7 {[%clk 00:01:21]}
{[%emt 00:00:31]} 39. Bxa5 {[%clk 00:23:13]} {[%emt 00:02:09]} Rxe4 {[%clk
00:01:11]} {[%emt 00:00:40]} 40. Bxd8 {[%clk 00:21:51]} {[%emt 00:01:52]} Rxc4
{[%clk 00:01:38]} {[%emt 00:00:04]} 41. Be7 {[%clk 00:19:56]} {[%emt 00:02:24]}
Kg7 {[%clk 00:01:39]} {[%emt 00:00:29]} 42. Rf2 {[%clk 00:19:06]} {[%emt
00:01:21]} Bc1 {[%clk 00:01:46]} {[%emt 00:00:22]} 43. f5 {[%clk 00:17:46]}
{[%emt 00:01:49]} Kf7 {[%clk 00:02:05]} {[%emt 00:00:12]} 44. Bf6 {[%clk
00:17:43]} {[%emt 00:00:33]} Be3 {[%clk 00:29:34]} {[%emt 00:03:00]} 45. Re2
{[%clk 00:47:35]} {[%emt 00:00:38]} Bc5 {[%clk 00:29:58]} {[%emt 00:00:06]} 46.
Be5 {[%clk 00:47:36]} {[%emt 00:00:29]} Kg8 {[%clk 00:28:28]} {[%emt 00:02:01]}
47. g6 {[%clk 00:46:07]} {[%emt 00:01:58]} Bf8 {[%clk 00:27:37]} {[%emt
00:01:22]} 48. f6 {[%clk 00:46:15]} {[%emt 00:00:22]} Bg7 {[%clk 00:28:05]}
{[%emt 00:00:02]} 49. f7+ {[%clk 00:45:46]} {[%emt 00:00:58]} Kf8 {[%clk
00:28:32]} {[%emt 00:00:03]} 50. Bd6# {[%clk 00:46:05]} {[%emt 00:00:12]} 1-0

[Event "Hoogeveen Open"]
[Site "Hoogeveen, Netherlands"]
[Date "2018.10.20"]
[Round "1.27"]
[White "Warakomska, Anna"]
[Black "Van Foreest, Machteld"]
[Result "1-0"]
[WhiteElo "2293"]
[BlackElo "1934"]

1. e4 {[%clk 01:30:57]} {[%emt 00:00:03]} c5 {[%clk 01:29:42]} {[%emt
00:01:19]} 2. Nf3 {[%clk 01:31:22]} {[%emt 00:00:05]} e6 {[%clk 01:30:07]}
{[%emt 00:00:05]} 3. b3 {[%clk 01:30:18]} {[%emt 00:01:34]} Nc6 {[%clk
01:26:23]} {[%emt 00:04:14]} 4. Bb2 {[%clk 01:30:19]} {[%emt 00:00:28]} Nf6
{[%clk 01:18:19]} {[%emt 00:08:34]} 5. e5 {[%clk 01:29:20]} {[%emt 00:01:30]}
Nd5 {[%clk 01:17:56]} {[%emt 00:00:53]} 6. c4 {[%clk 01:23:10]} {[%emt
00:06:40]} Nf4 {[%clk 01:10:46]} {[%emt 00:07:40]} 7. g3 {[%clk 01:22:47]}
{[%emt 00:00:53]} Ng6 {[%clk 01:11:00]} {[%emt 00:00:16]} 8. Bg2 {[%clk
01:22:42]} {[%emt 00:00:34]} Qc7 {[%clk 01:03:02]} {[%emt 00:08:29]} 9. Qe2
{[%clk 01:21:30]} {[%emt 00:01:42]} Nb4 {[%clk 00:58:11]} {[%emt 00:05:21]} 10.
Na3 {[%clk 01:18:15]} {[%emt 00:03:44]} d6 {[%clk 00:47:48]} {[%emt 00:10:53]}
11. exd6 {[%clk 00:56:50]} {[%emt 00:21:56]} Qxd6 {[%clk 00:46:03]} {[%emt
00:02:15]} 12. d4 {[%clk 00:54:52]} {[%emt 00:02:27]} cxd4 {[%clk 00:39:39]}
{[%emt 00:06:55]} 13. Nb5 {[%clk 00:53:34]} {[%emt 00:01:47]} Qd8 {[%clk
00:36:55]} {[%emt 00:03:13]} 14. Nbxd4 {[%clk 00:51:38]} {[%emt 00:02:27]} Be7
{[%clk 00:33:22]} {[%emt 00:04:03]} 15. O-O {[%clk 00:49:43]} {[%emt 00:02:26]}
O-O {[%clk 00:33:19]} {[%emt 00:00:33]} 16. a3 {[%clk 00:46:46]} {[%emt
00:03:27]} Nc6 {[%clk 00:32:08]} {[%emt 00:01:41]} 17. Nxc6 {[%clk 00:46:10]}
{[%emt 00:01:06]} bxc6 {[%clk 00:30:56]} {[%emt 00:01:42]} 18. Nd4 {[%clk
00:46:25]} {[%emt 00:00:15]} Bb7 {[%clk 00:29:34]} {[%emt 00:01:52]} 19. Nxc6
{[%clk 00:45:31]} {[%emt 00:01:24]} Qc7 {[%clk 00:27:21]} {[%emt 00:02:42]} 20.
Nxe7+ {[%clk 00:44:49]} {[%emt 00:01:12]} Qxe7 {[%clk 00:27:37]} {[%emt
00:00:14]} 21. h4 {[%clk 00:36:34]} {[%emt 00:08:45]} Rab8 {[%clk 00:23:15]}
{[%emt 00:04:52]} 22. b4 {[%clk 00:34:05]} {[%emt 00:02:59]} Bxg2 {[%clk
00:22:01]} {[%emt 00:01:44]} 23. Kxg2 {[%clk 00:34:30]} {[%emt 00:00:05]} Qb7+
{[%clk 00:20:19]} {[%emt 00:02:13]} 24. Kg1 {[%clk 00:33:20]} {[%emt 00:01:38]}
Qa6 {[%clk 00:18:54]} {[%emt 00:01:56]} 25. Rad1 {[%clk 00:28:01]} {[%emt
00:05:49]} Rfc8 {[%clk 00:17:50]} {[%emt 00:01:33]} 26. h5 {[%clk 00:23:00]}
{[%emt 00:05:31]} Ne7 {[%clk 00:17:03]} {[%emt 00:01:18]} 27. b5 {[%clk
00:20:44]} {[%emt 00:02:47]} Qb6 {[%clk 00:16:17]} {[%emt 00:01:16]} 28. Qg4
{[%clk 00:16:52]} {[%emt 00:04:20]} Nf5 {[%clk 00:16:13]} {[%emt 00:00:35]} 29.
Bxg7 {[%clk 00:16:17]} {[%emt 00:01:05]} Rxc4 {[%clk 00:12:26]} {[%emt
00:04:16]} 30. Qxc4 {[%clk 00:13:55]} {[%emt 00:02:54]} Kxg7 {[%clk 00:12:44]}
{[%emt 00:00:12]} 31. a4 {[%clk 00:13:45]} {[%emt 00:00:40]} Rg8 {[%clk
00:11:36]} {[%emt 00:01:37]} 32. Rd3 {[%clk 00:11:52]} {[%emt 00:02:21]} h6
{[%clk 00:09:07]} {[%emt 00:03:01]} 33. Qc6 {[%clk 00:09:54]} {[%emt 00:02:27]}
Qb8 {[%clk 00:07:53]} {[%emt 00:01:46]} 34. Rc1 {[%clk 00:09:39]} {[%emt
00:00:44]} Kh7 {[%clk 00:07:47]} {[%emt 00:00:37]} 35. Qc7 {[%clk 00:07:33]}
{[%emt 00:02:36]} 1-0

[Event "Hoogeveen Open"]
[Site "Hoogeveen, Netherlands"]
[Date "2018.10.20"]
[Round "1.28"]
[White "Maters, Arthur"]
[Black "De Boer, Eelke"]
[Result "0-1"]
[WhiteElo "1933"]
[BlackElo "2285"]

1. e4 {[%clk 01:30:59]} c5 {[%clk 01:30:54]} {[%emt 00:00:06]} 2. Nc3 {[%clk
01:31:24]} {[%emt 00:00:05]} d6 {[%clk 01:31:17]} {[%emt 00:00:07]} 3. d4
{[%clk 01:31:49]} {[%emt 00:00:06]} cxd4 {[%clk 01:31:40]} {[%emt 00:00:07]} 4.
Qxd4 {[%clk 01:32:15]} {[%emt 00:00:04]} Nc6 {[%clk 01:32:01]} {[%emt
00:00:08]} 5. Qd2 {[%clk 01:32:42]} {[%emt 00:00:03]} Nf6 {[%clk 01:31:33]}
{[%emt 00:00:58]} 6. b3 {[%clk 01:33:06]} {[%emt 00:00:06]} e6 {[%clk
01:27:57]} {[%emt 00:04:06]} 7. Bb2 {[%clk 01:32:52]} {[%emt 00:00:45]} Be7
{[%clk 01:28:17]} {[%emt 00:00:10]} 8. O-O-O {[%clk 01:33:06]} {[%emt
00:00:15]} a6 {[%clk 01:25:52]} {[%emt 00:02:54]} 9. f3 {[%clk 01:32:46]}
{[%emt 00:00:51]} b5 {[%clk 01:24:49]} {[%emt 00:01:33]} 10. Kb1 {[%clk
01:31:51]} {[%emt 00:01:25]} O-O {[%clk 01:14:54]} {[%emt 00:10:24]} 11. g4
{[%clk 01:26:09]} {[%emt 00:06:12]} Nd7 {[%clk 01:13:52]} {[%emt 00:01:32]} 12.
h4 {[%clk 01:19:52]} {[%emt 00:06:49]} Nc5 {[%clk 01:12:45]} {[%emt 00:01:35]}
13. g5 {[%clk 01:15:17]} {[%emt 00:05:07]} b4 {[%clk 01:12:37]} {[%emt
00:00:37]} 14. Nce2 {[%clk 01:15:14]} {[%emt 00:00:33]} a5 {[%clk 01:10:29]}
{[%emt 00:02:38]} 15. Nd4 {[%clk 01:13:55]} {[%emt 00:01:49]} Nxd4 {[%clk
01:05:48]} {[%emt 00:05:11]} 16. Bxd4 {[%clk 01:08:48]} {[%emt 00:05:37]} e5
{[%clk 00:51:03]} {[%emt 00:15:14]} 17. Bxc5 {[%clk 01:05:37]} {[%emt
00:03:42]} dxc5 {[%clk 00:51:21]} {[%emt 00:00:12]} 18. Qxd8 {[%clk 01:06:01]}
Rxd8 {[%clk 00:45:13]} {[%emt 00:06:44]} 19. Rxd8+ {[%clk 01:05:00]} {[%emt
00:01:31]} Bxd8 {[%clk 00:45:27]} {[%emt 00:00:16]} 20. Bc4 {[%clk 00:57:57]}
{[%emt 00:07:33]} Ba6 {[%clk 00:44:56]} {[%emt 00:01:01]} 21. Ne2 {[%clk
00:55:19]} {[%emt 00:03:08]} Bxc4 {[%clk 00:42:44]} {[%emt 00:02:41]} 22. bxc4
{[%clk 00:55:03]} {[%emt 00:00:46]} f6 {[%clk 00:43:01]} {[%emt 00:00:14]} 23.
Rd1 {[%clk 00:50:16]} {[%emt 00:05:17]} fxg5 {[%clk 00:40:19]} {[%emt
00:03:12]} 24. h5 {[%clk 00:50:40]} {[%emt 00:00:07]} Bf6 {[%clk 00:30:26]}
{[%emt 00:10:22]} 25. Rd5 {[%clk 00:50:33]} {[%emt 00:00:37]} Rc8 {[%clk
00:30:39]} {[%emt 00:00:17]} 26. Nc1 {[%clk 00:50:43]} {[%emt 00:00:20]} g6
{[%clk 00:27:03]} {[%emt 00:04:05]} 27. h6 {[%clk 00:49:32]} {[%emt 00:01:41]}
Be7 {[%clk 00:16:40]} {[%emt 00:10:52]} 28. Rxe5 {[%clk 00:47:32]} {[%emt
00:02:31]} Bf8 {[%clk 00:15:56]} {[%emt 00:01:15]} 29. Nd3 {[%clk 00:42:48]}
{[%emt 00:05:13]} Bxh6 {[%clk 00:16:07]} {[%emt 00:00:18]} 30. Nxc5 {[%clk
00:41:24]} {[%emt 00:01:55]} Rf8 {[%clk 00:15:14]} {[%emt 00:01:22]} 31. Rd5
{[%clk 00:20:25]} {[%emt 00:21:31]} Rxf3 {[%clk 00:15:32]} {[%emt 00:00:10]} 32.
e5 {[%clk 00:20:44]} {[%emt 00:00:12]} g4 {[%clk 00:11:05]} {[%emt 00:04:57]}
33. e6 {[%clk 00:20:42]} {[%emt 00:00:32]} Re3 {[%clk 00:11:15]} {[%emt
00:00:19]} 34. Rd8+ {[%clk 00:20:08]} {[%emt 00:01:05]} Kg7 {[%clk 00:11:36]}
{[%emt 00:00:08]} 35. Rd7+ {[%clk 00:19:51]} {[%emt 00:00:47]} Kf8 {[%clk
00:10:50]} {[%emt 00:01:16]} 36. Rd8+ {[%clk 00:06:28]} {[%emt 00:13:55]} Ke7
{[%clk 00:10:18]} {[%emt 00:01:01]} 37. Rd7+ {[%clk 00:06:53]} {[%emt
00:00:05]} Kf6 {[%clk 00:08:36]} {[%emt 00:02:11]} 38. Rf7+ {[%clk 00:06:49]}
{[%emt 00:00:36]} Kg5 {[%clk 00:08:59]} {[%emt 00:00:06]} 39. Rf1 {[%clk
00:05:46]} {[%emt 00:01:34]} g3 {[%clk 00:08:25]} {[%emt 00:01:02]} 40. Kc1
{[%clk 00:04:24]} {[%emt 00:01:53]} Kg4 {[%clk 00:08:29]} {[%emt 00:00:25]} 41.
Kd1 {[%clk 00:04:48]} {[%emt 00:00:07]} g2 {[%clk 00:08:33]} {[%emt 00:00:25]}
42. Rg1 {[%clk 00:05:09]} {[%emt 00:00:10]} Kg3 {[%clk 00:08:54]} {[%emt
00:00:08]} 0-1